Statistics for Latin American Countries With The Greatest Economies

Click here to take the quiz!

General Stats

  • This quiz has been taken 42 times
  • The average score is 14 of 15

Answer Stats

GDPAnswer% Correct
$1.2 TArgentina
100%
$3.7 TBrazil
100%
$165 BPanama
100%
$117 BBolivia
98%
$583 BChile
98%
$940 BColombia
98%
$2.9 TMexico
98%
$513 BPeru
98%
$107 BUruguay
98%
$158 BVenezuela
98%
$147 BCuba
95%
$185 BGuatemala
95%
$128 BCosta Rica
93%
$228 BEcuador
93%
$255 BDominican Republic
88%

Score Distribution

Percentile by Number Answered

Percent of People with Each Score

Your Score History

You have not taken this quiz